000 00358 a2200157 4500
001 168908
020 _a
040 _cMagnum
100 _aNascimento, Milton Meira do
240 1 0 _aIluminismo: a revolucao das luzes
_lpor
245 1 0 _aIluminismo: a revolucao das luzes
362 0 _a1899
440 1 _aÁtica
697 _aPARADIDATICO
942 _cBK
999 _c168908
_d168908